00486 2200181 4500001002100000005001500021008004100036020001800077035001900095041000700114082001500121090002100136100001500157245002900172260003300201300001900234650005100253INLIS00000000001315020241224114512241224||||||||| | ||| |||| || |  a979-730-807-X 0010-1224013150 aid0 a398.209598 a398.209598 ASE a0 aA.SETIAWAN00aCERITA RAKYAT JAWA BARAT aBandungbPustaka Setiac2006 a116hlm;18x25cm 0aAdat Adat istiadat & Kebiasaan ,Etiket Folklor